<?xml version="1.0" encoding="UTF-8"?>
<record
    xmlns:xsi="http://www.w3.org/2001/XMLSchema-instance"
    xsi:schemaLocation="http://www.loc.gov/MARC21/slim http://www.loc.gov/standards/marcxml/schema/MARC21slim.xsd"
    xmlns="http://www.loc.gov/MARC21/slim">

  <leader>00841nam a22002177a 4500</leader>
  <controlfield tag="005">20240903114352.0</controlfield>
  <controlfield tag="008">220311b           ||||| |||| 00| 0 eng d</controlfield>
  <datafield tag="040" ind1=" " ind2=" ">
    <subfield code="c">Aloy</subfield>
  </datafield>
  <datafield tag="041" ind1=" " ind2=" ">
    <subfield code="a">kok</subfield>
  </datafield>
  <datafield tag="082" ind1=" " ind2=" ">
    <subfield code="2">23</subfield>
    <subfield code="a">891.461</subfield>
    <subfield code="b">DSOB</subfield>
  </datafield>
  <datafield tag="100" ind1=" " ind2=" ">
    <subfield code="a">Charlies Dsouza: </subfield>
    <subfield code="9">178554</subfield>
  </datafield>
  <datafield tag="100" ind1=" " ind2=" ">
    <subfield code="9">23399</subfield>
    <subfield code="d">&#xC9A;&#xCBE;&#xCB0;&#xCCD;&#xCB2;&#xCBF; &#xCB8;&#xCCA;&#xC9C;&#xCCD; </subfield>
  </datafield>
  <datafield tag="245" ind1=" " ind2=" ">
    <subfield code="a">Bhognaachi Lahram</subfield>
    <subfield code="b">&#xCAC;&#xCCA;&#xC97;&#xCCD;&#xCA3;&#xCBE;&#xCE6;&#xC9A;&#xCBF;&#xCE6;   &#xCB2;&#xCCD;&#xCB9;&#xCBE;&#xCB0;&#xCBE;&#xC82; </subfield>
  </datafield>
  <datafield tag="260" ind1=" " ind2=" ">
    <subfield code="a">Manglur</subfield>
    <subfield code="b">Karnataka Konkani Sahitya Akademi</subfield>
    <subfield code="c">2021</subfield>
  </datafield>
  <datafield tag="300" ind1=" " ind2=" ">
    <subfield code="a">v,78 p.</subfield>
    <subfield code="b">PB</subfield>
    <subfield code="c">21x14 cm.</subfield>
  </datafield>
  <datafield tag="365" ind1=" " ind2=" ">
    <subfield code="2">Konkani</subfield>
    <subfield code="a">1677</subfield>
    <subfield code="b">60.00</subfield>
    <subfield code="c">&#x20B9;</subfield>
    <subfield code="d">75.00</subfield>
    <subfield code="e">20%</subfield>
    <subfield code="f">04-03-2022</subfield>
  </datafield>
  <datafield tag="650" ind1=" " ind2=" ">
    <subfield code="a">Konkani Poetry: &#xC95;&#xCCA;&#xC82;&#xC95;&#xCCD;&#xCA3;&#xCBF; &#xC95;&#xCB5;&#xCBF;&#xCA4;&#xCBE; </subfield>
    <subfield code="9">23400</subfield>
  </datafield>
  <datafield tag="650" ind1=" " ind2=" ">
    <subfield code="a">Konkani Literature:  &#xC95;&#xCCA;&#xC82;&#xC95;&#xCCD;&#xCA3;&#xCBF; &#xCB8;&#xCBE;&#xCB9;&#xCBF;&#xCA4;&#xCCD;&#xCAF; </subfield>
    <subfield code="9">23401</subfield>
  </datafield>
  <datafield tag="700" ind1=" " ind2=" ">
    <subfield code="a">DSOUZA (Charlie):  &#xCB8;&#xCCA;&#xC9C;&#xCCD;  (&#xC9A;&#xCBE;&#xCB0;&#xCCD;&#xCB2;&#xCBF;)</subfield>
    <subfield code="9">23402</subfield>
  </datafield>
  <datafield tag="942" ind1=" " ind2=" ">
    <subfield code="2">ddc</subfield>
    <subfield code="c">BK</subfield>
  </datafield>
  <datafield tag="999" ind1=" " ind2=" ">
    <subfield code="c">221829</subfield>
    <subfield code="d">221829</subfield>
  </datafield>
  <datafield tag="952" ind1=" " ind2=" ">
    <subfield code="0">0</subfield>
    <subfield code="1">0</subfield>
    <subfield code="2">ddc</subfield>
    <subfield code="4">0</subfield>
    <subfield code="7">0</subfield>
    <subfield code="8">KON</subfield>
    <subfield code="a">AL</subfield>
    <subfield code="b">AL</subfield>
    <subfield code="d">2022-03-07</subfield>
    <subfield code="e">Karnataka Konkani Sahitya Akademi, Mangaluru-575003</subfield>
    <subfield code="g">60.00</subfield>
    <subfield code="l">1</subfield>
    <subfield code="o">891.461 DSOB</subfield>
    <subfield code="p">075585</subfield>
    <subfield code="r">2022-11-29 00:00:00</subfield>
    <subfield code="s">2022-11-19</subfield>
    <subfield code="v">75.00</subfield>
    <subfield code="w">2022-03-11</subfield>
    <subfield code="y">BK</subfield>
  </datafield>
</record>
